| 000 | 01410nam a22002417a 4500 | ||
|---|---|---|---|
| 003 | St Aloysius Coll | ||
| 005 | 20251029111150.0 | ||
| 008 | 251029b |||||||| |||| 00| 0 eng d | ||
| 020 | _a9789353502881 | ||
| 040 | _cAL | ||
| 041 | _aEnglish | ||
| 082 |
_a616.89 _bBARA |
||
| 100 |
_aDavid H Barlow _9243103 |
||
| 245 | _aAbnormal psychology | ||
| 250 | _a8th | ||
| 260 |
_aAustralia _bCengage _c2024 |
||
| 300 |
_axxvi,745p _bPB _c26.5x21cm. |
||
| 365 |
_2General _a4225 _b₹812.00 _c₹ _d₹1015.00 _e20% _f23/10/2025 |
||
| 520 | _aBalancing biological, psychological, social, and cultural approaches, this book S ground-breaking integrative approach is the most modern, scientifically valid method for studying abnormal psychology. Updated with leading-edge research findings, the eighth edition draws on the expertise of David H. Barlow, V. Mark Durand, and Stefan G hofmann, three internationally recognized experts in clinical psychology. In abnormal psychology: an integrative approach, the authors successfully blend sophisticated research with an accessible, engaging writing style. They go beyond simply describing different schools of thought on psychological disorders, exploring the interactions of the various forces that contribute to psychopathology. | ||
| 650 |
_2Abnormal Psychology _aPsychology _9243104 |
||
| 700 |
_aDurand, V Mark _dHofmann, Stefan G _9243105 |
||
| 942 |
_2ddc _cBK |
||
| 999 |
_c240599 _d240599 |
||